[Event "2. Bundesliga West 2010/11"]
[Site "Jenbach"]
[Date "2010.10.17"]
[Round "3"]
[Board "1"]
[White "Deglmann, Ludwig"]
[Black "Bertagnolli, Alexander"]
[Result "1/2-1/2"]
[WhiteElo "2402"]
[BlackElo "2395"]
[PlyCount "91"]
[EventDate "2010.10.15"]
[EventType "team"]
[EventRounds "11"]
[EventCountry "AUT"]
[WhiteTeam "Sparkasse Jenbach 2"]
[BlackTeam "Rochade Rum"]

1.c4 b5 2.cxb5 a6 3.bxa6 e5 4.d4 exd4 5.Nf3 Rxa6 6.g3 c5 7.Bg2 Nf6 8.O-O Be7
9.b4 cxb4 10.Nxd4 O-O 11.Bb2 d5 12.a3 bxa3 13.Bxa3 Re8 14.Bxe7 Qxe7 15.Rxa6 Bxa6
16.Nc3 Nbd7 17.Nxd5 Nxd5 18.Bxd5 Qc5 19.Bf3 Ne5 20.Qa4 Nxf3+ 21.exf3 Rd8 22.Ne6
fxe6 23.Qxa6 Qd5 24.Qe2 Kf7 25.Re1 Rd6 26.h4 h6 27.Qe3 Qd2 28.Qe4 Qd4 29.Kg2
Qxe4 30.fxe4 e5 31.Ra1 h5 32.Ra5 Kf6 33.Kf3 Rd3+ 34.Ke2 Rb3 35.Ra6+ Kf7 36.Ra7+
Kf6 37.Ra6+ Kf7 38.Rd6 g6 39.Rd3 Rb2+ 40.Kf3 Rb1 41.g4 Rh1 42.gxh5 gxh5 43.Kg3
Rg1+ 44.Kh3 Rh1+ 45.Kg3 Rg1+ 46.Kh3 1/2-1/2

[Event "2. Bundesliga West 2010/11"]
[Site "Jenbach"]
[Date "2010.10.17"]
[Round "3"]
[Board "2"]
[White "Gatterer, Florian"]
[Black "Reich, Thomas"]
[Result "1/2-1/2"]
[WhiteElo "2306"]
[BlackElo "2350"]
[PlyCount "69"]
[EventDate "2010.10.15"]
[EventType "team"]
[EventRounds "11"]
[EventCountry "AUT"]
[WhiteTeam "Rochade Rum"]
[BlackTeam "Sparkasse Jenbach 2"]

1.d4 g6 2.e4 Bg7 3.Nc3 d6 4.f4 b6 5.Nf3 e6 6.Bd3 Ne7 7.O-O d5 8.e5 Ba6 9.Be3 Nf5
10.Bf2 h5 11.g3 Qc8 12.Ne2 Bxd3 13.Qxd3 Qa6 14.Qd2 Nc6 15.h3 Bf8 16.Kg2 Be7
17.c3 Na5 18.b3 O-O-O 19.Rh1 Kb8 20.g4 Nh6 21.gxh5 Nf5 22.hxg6 Rdg8 23.Rag1
Rxg6+ 24.Kf1 Rgh6 25.h4 Bxh4 26.Bxh4 Nxh4 27.Nxh4 Rxh4 28.Rxh4 Rxh4 29.Rg8+ Kb7
30.Kg2 Qb5 31.Ng3 Nc6 32.Qe2 Qa5 33.Qd2 Qb5 34.Qe2 Qa5 35.Qd2 1/2-1/2

[Event "2. Bundesliga West 2010/11"]
[Site "Jenbach"]
[Date "2010.10.17"]
[Round "3"]
[Board "3"]
[White "Micheli, Carlo"]
[Black "Eybl, Alexander"]
[Result "0-1"]
[WhiteElo "2263"]
[BlackElo "2278"]
[PlyCount "48"]
[EventDate "2010.10.15"]
[EventType "team"]
[EventRounds "11"]
[EventCountry "AUT"]
[WhiteTeam "Sparkasse Jenbach 2"]
[BlackTeam "Rochade Rum"]

1.c4 e6 2.Nf3 d5 3.e3 Nf6 4.Nc3 Be7 5.g4 c5 6.g5 Ne4 7.cxd5 Nxc3 8.dxc3 exd5
9.h4 O-O 10.Qc2 f5 11.b3 Nc6 12.Bg2 f4 13.e4 Bg4 14.Nh2 Be6 15.Bb2 d4 16.O-O-O
Qb6 17.e5 dxc3 18.Bxc3 Nd4 19.Bxd4 cxd4 20.Kb1 Rac8 21.Qd3 Ba3 22.Rd2 Rc3 23.Qe2
Rfc8 24.Rhd1 Qc5 0-1

[Event "2. Bundesliga West 2010/11"]
[Site "Jenbach"]
[Date "2010.10.17"]
[Round "3"]
[Board "4"]
[White "Jedinger, Andreas"]
[Black "Hoellrigl, Wilfried"]
[Result "1/2-1/2"]
[WhiteElo "2177"]
[BlackElo "2188"]
[PlyCount "100"]
[EventDate "2010.10.15"]
[EventType "team"]
[EventRounds "11"]
[EventCountry "AUT"]
[WhiteTeam "Rochade Rum"]
[BlackTeam "Sparkasse Jenbach 2"]

1.e4 c5 2.Nf3 Nc6 3.d4 cxd4 4.Nxd4 Nf6 5.Nc3 e5 6.Ndb5 d6 7.Bg5 a6 8.Na3 b5
9.Nd5 Be7 10.Bxf6 Bxf6 11.c4 b4 12.Nc2 a5 13.Be2 O-O 14.O-O Bg5 15.Qd3 Be6 16.b3
Rb8 17.Rad1 g6 18.Bf3 Qd7 19.Qe2 Qa7 20.Rd3 Qc5 21.Rfd1 Rbd8 22.Bg4 Rd7 23.g3
Kh8 24.h4 Bd8 25.Bxe6 fxe6 26.Nde3 Rdf7 27.Rf1 Bb6 28.Kg2 Ne7 29.Qg4 Qc6 30.f3
Rf6 31.Qg5 Ng8 32.Ng4 R6f7 33.Qd2 Bc5 34.Rh1 h5 35.Nh6 Rf6 36.Nxg8 Kxg8 37.Rf1
Kg7 38.Ne3 R8f7 39.Nd1 Qb6 40.Nf2 Qc6 41.Nh3 a4 42.Ng5 Ra7 43.Rd1 axb3 44.axb3
Ra3 45.Kh3 Qa6 46.Rc1 Ra2 47.Rc2 Ra1 48.Rc1 Ra2 49.Rc2 Ra1 50.Rc1 Ra2 1/2-1/2

[Event "2. Bundesliga West 2010/11"]
[Site "Jenbach"]
[Date "2010.10.17"]
[Round "3"]
[Board "5"]
[White "Meier, Alexander"]
[Black "Paltrinieri , Nicholas "]
[Result "0-1"]
[WhiteElo "2154"]
[BlackElo "2045"]
[PlyCount "74"]
[EventDate "2010.10.15"]
[EventType "team"]
[EventRounds "11"]
[EventCountry "AUT"]
[WhiteTeam "Sparkasse Jenbach 2"]
[BlackTeam "Rochade Rum"]

1.e4 e6 2.d3 d5 3.Nd2 c5 4.g3 Nc6 5.Bg2 Nf6 6.Ngf3 b6 7.O-O Bb7 8.e5 Nd7 9.Re1
Qc7 10.Qe2 h6 11.h4 g5 12.hxg5 hxg5 13.Nxg5 Nd4 14.Qd1 Nxe5 15.c3 Ndc6 16.Ndf3
Bd6 17.Nxe5 Bxe5 18.Qf3 Qe7 19.Qg4 O-O-O 20.Bd2 Bc7 21.d4 Kb8 22.b4 cxd4 23.cxd4
f5 24.Qe2 Nxd4 25.Qd3 Qf6 26.f4 b5 27.Rac1 Bb6 28.Rc5 Rc8 29.Re5 Nc6 30.Bc3 d4
31.Rxe6 Qf8 32.Be1 Bxc5 33.Qxb5 Bb6 34.Bxc6 d3+ 35.Kg2 Rxc6 36.Rxc6 Qh6 37.Qe5+
Ka8 0-1

[Event "2. Bundesliga West 2010/11"]
[Site "Jenbach"]
[Date "2010.10.17"]
[Round "3"]
[Board "6"]
[White "Muehlbacher, Bernhard"]
[Black "Heinrich, Thomas"]
[Result "0-1"]
[WhiteElo "2103"]
[BlackElo "2137"]
[PlyCount "86"]
[EventDate "2010.10.15"]
[EventType "team"]
[EventRounds "11"]
[EventCountry "AUT"]
[WhiteTeam "Rochade Rum"]
[BlackTeam "Sparkasse Jenbach 2"]

1.c4 e6 2.g3 d5 3.Bg2 Nf6 4.Nf3 c6 5.b3 g6 6.Bb2 Bg7 7.O-O O-O 8.Qc2 b6 9.d3 Bb7
10.e4 dxe4 11.dxe4 c5 12.Nbd2 Nc6 13.Rad1 Qc7 14.e5 Ng4 15.Rfe1 Rab8 16.Qb1 Rfd8
17.h3 Ngxe5 18.Nxe5 Bxe5 19.Rxe5 Nxe5 20.Bxb7 Rxb7 21.Ne4 Nf3+ 22.Kg2 Nd4 23.Rd3
Qc6 24.f3 e5 25.Re3 f5 26.Nc3 Re7 27.Nd5 Rxd5 28.cxd5 Qxd5 29.Qd1 e4 30.Kf2 Re6
31.f4 Rd6 32.Qf1 Qc6 33.Qa6 Qd7 34.b4 Ne6 35.Bc3 Rd3 36.Qc4 b5 37.Rxd3 exd3
38.Qb3 c4 39.Qd1 Nc7 40.Qf3 Nd5 41.Be5 d2 42.a3 Nxf4 43.Qa8+ Kf7 0-1

[Event "2. Bundesliga West 2010/11"]
[Site "Jenbach"]
[Date "2010.10.17"]
[Round "3"]
[Board "1"]
[White "Bayer, Bernhard"]
[Black "Dizdar, Goran"]
[Result "1-0"]
[WhiteElo "2393"]
[BlackElo "2555"]
[PlyCount "53"]
[EventDate "2010.10.15"]
[EventType "team"]
[EventRounds "11"]
[EventCountry "AUT"]
[WhiteTeam "Schwaz"]
[BlackTeam "SC Absam"]

1.c4 b6 2.d4 Bb7 3.Nc3 e6 4.Nf3 Bb4 5.Qb3 a5 6.a3 a4 7.Qxb4 Nc6 8.Qb5 Ra5 9.d5
exd5 10.cxd5 Rxb5 11.Nxb5 Na5 12.Bf4 d6 13.Rc1 Qf6 14.Nxc7+ Kf8 15.g3 Qxb2
16.Bh3 Nb3 17.Bxd6+ Ne7 18.Rd1 Qc3+ 19.Kf1 Nc5 20.Kg2 Qxa3 21.Rd3 Qa2 22.Re3
Bxd5 23.Bxe7+ Kg8 24.Bxc5 Bc6 25.Bxb6 h5 26.Rc1 Rh6 27.Bd4 1-0

[Event "2. Bundesliga West 2010/11"]
[Site "Jenbach"]
[Date "2010.10.17"]
[Round "3"]
[Board "2"]
[White "Schmittdiel, Eckhard"]
[Black "Wohl, Alexander"]
[Result "1-0"]
[WhiteElo "2485"]
[BlackElo "2387"]
[PlyCount "103"]
[EventDate "2010.10.15"]
[EventType "team"]
[EventRounds "11"]
[EventCountry "AUT"]
[WhiteTeam "SC Absam"]
[BlackTeam "Schwaz"]

1.e4 Nf6 2.e5 Nd5 3.d4 d6 4.c4 Nb6 5.exd6 exd6 6.Bd3 Nc6 7.Be3 Nb4 8.Nc3 Be7
9.Be2 O-O 10.Nf3 Bg4 11.b3 c5 12.O-O Re8 13.Rc1 Nc6 14.h3 Bh5 15.d5 Bxf3 16.Bxf3
Ne5 17.Be4 Ned7 18.Qd2 Bf6 19.Bb1 Nf8 20.Ne4 Be7 21.g4 Nbd7 22.f4 h6 23.Qd3 Ng6
24.Kh1 Bf8 25.Rce1 a6 26.Ng3 b5 27.cxb5 axb5 28.Qxb5 Rb8 29.Qd3 Rb4 30.Nf5 Qa8
31.Bd2 Rbb8 32.Bc3 Rxe1 33.Rxe1 Nb6 34.Rd1 Rc8 35.Ne3 Re8 36.a4 Qd8 37.Ba5 Qb8
38.Ng2 Nd7 39.h4 Be7 40.g5 hxg5 41.hxg5 Bd8 42.Bd2 Qb7 43.a5 Ndf8 44.Bc2 Qd7
45.Ra1 Ne7 46.b4 cxb4 47.Ba4 Qg4 48.Bxe8 Nf5 49.Kh2 Nh4 50.Nxh4 Qxh4+ 51.Kg2
Qg4+ 52.Kf2 1-0

[Event "2. Bundesliga West 2010/11"]
[Site "Jenbach"]
[Date "2010.10.17"]
[Round "3"]
[Board "3"]
[White "Fuchs, Georg"]
[Black "De, Francesco Klaus"]
[Result "1-0"]
[WhiteElo "2292"]
[BlackElo "2290"]
[PlyCount "67"]
[EventDate "2010.10.15"]
[EventType "team"]
[EventRounds "11"]
[EventCountry "AUT"]
[WhiteTeam "Schwaz"]
[BlackTeam "SC Absam"]

1.e4 e6 2.d4 d5 3.Nd2 a6 4.Ngf3 Nf6 5.e5 Nfd7 6.Bd3 c5 7.c3 Nc6 8.O-O g5 9.h3 h5
10.g4 hxg4 11.hxg4 Be7 12.Qe2 Qc7 13.a4 b6 14.b3 cxd4 15.cxd4 Nb4 16.Ba3 Nxd3
17.Qxd3 Bxa3 18.Rxa3 a5 19.Qb1 Ba6 20.Rc1 Qd8 21.b4 Be2 22.b5 Rc8 23.Rac3 Rxc3
24.Rxc3 Kf8 25.Qc1 Kg7 26.Re3 Bxf3 27.Nxf3 Nf8 28.Rc3 Nh7 29.Rc7 Re8 30.Kg2 Re7
31.Rc8 Qd7 32.Nxg5 Nf8 33.Rxf8 Kxf8 34.Nh7+ 1-0

[Event "2. Bundesliga West 2010/11"]
[Site "Jenbach"]
[Date "2010.10.17"]
[Round "3"]
[Board "4"]
[White "Duer, Werner"]
[Black "Gruber, Michael"]
[Result "1/2-1/2"]
[WhiteElo "2262"]
[BlackElo "2133"]
[PlyCount "180"]
[EventDate "2010.10.15"]
[EventType "team"]
[EventRounds "11"]
[EventCountry "AUT"]
[WhiteTeam "SC Absam"]
[BlackTeam "Schwaz"]

1.d4 f5 2.g3 g6 3.Bg2 Nf6 4.c4 Bg7 5.Nc3 d6 6.d5 O-O 7.Nh3 Na6 8.O-O e5 9.dxe6
c6 10.Bf4 Bxe6 11.Bxd6 Re8 12.c5 Nd7 13.Na4 Qa5 14.Ng5 Ndxc5 15.Nxc5 Nxc5 16.b4
Qxb4 17.Rc1 Rad8 18.Nxe6 Rxe6 19.Bxc5 Rxd1 20.Bxb4 Rxc1 21.Rxc1 Rxe2 22.Bf1 Re4
23.Bc4+ Kh8 24.f3 Bd4+ 25.Kg2 Re8 26.Rd1 c5 27.Bd2 Kg7 28.h4 h6 29.Bf4 h5 30.Bg5
Kh7 31.Kf1 Kg7 32.Re1 Rxe1+ 33.Kxe1 Be5 34.Kf2 Kf8 35.Kg2 Kg7 36.Kh3 Bb2 37.g4
fxg4+ 38.fxg4 hxg4+ 39.Kxg4 a6 40.a4 b5 41.axb5 axb5 42.Bxb5 Bd4 43.Bc4 Kh7
44.Kf4 Kg7 45.Ke4 Bc3 46.Kd5 Bd4 47.Ke6 Bc3 48.Be2 Bd4 49.Be7 Be3 50.Bf6+ Kg8
51.Bd3 Bd4 52.Be7 Kg7 53.Bc2 Be3 54.Bf6+ Kh6 55.Bd1 Bd4 56.Bg5+ Kg7 57.Be2 Bc3
58.Bd8 Bd4 59.Bd3 Be3 60.Bg5 Bd4 61.Be7 Be3 62.Bf6+ Kh6 63.Be2 Bd4 64.Bg5+ Kg7
65.Bd2 Bf6 66.Be1 Bd4 67.Bd2 Bf6 68.Bg5 Bd4 69.Be7 Be3 70.Bf6+ Kg8 71.Bd3 Bd4
72.Bg5 Kg7 73.Ke7 Be5 74.Ke8 Bd4 75.Bc4 Bf2 76.Ke7 Bd4 77.Ke6 Bc3 78.Kd5 Bd4
79.Be2 Bf2 80.Ke6 Bd4 81.Be7 Be3 82.Bf6+ Kg8 83.Bc4 Bd4 84.Ke7+ Kh7 85.Bg5 Kg7
86.Bd3 Be5 87.Ke6 Bd4 88.Be2 Bc3 89.Bd8 Bd4 90.Be7 Be3 1/2-1/2

[Event "2. Bundesliga West 2010/11"]
[Site "Jenbach"]
[Date "2010.10.17"]
[Round "3"]
[Board "5"]
[White "Riedl, Johannes"]
[Black "Natter, Siegfried"]
[Result "1-0"]
[WhiteElo "2138"]
[BlackElo "2245"]
[PlyCount "107"]
[EventDate "2010.10.15"]
[EventType "team"]
[EventRounds "11"]
[EventCountry "AUT"]
[WhiteTeam "Schwaz"]
[BlackTeam "SC Absam"]

1.e4 c5 2.Nf3 d6 3.d4 cxd4 4.Nxd4 Nf6 5.Nc3 Nc6 6.Bg5 Bd7 7.Qd2 h6 8.Bxf6 gxf6
9.f4 Nxd4 10.Qxd4 Qa5 11.O-O-O Rc8 12.Be2 h5 13.Kb1 Qc5 14.Qd3 a6 15.Rhe1 Bg7
16.Qg3 Kf8 17.Rd5 Qb6 18.Rxh5 Rxh5 19.Bxh5 f5 20.e5 dxe5 21.fxe5 Be6 22.Qe3 Qxe3
23.Rxe3 Rc5 24.Bf3 b5 25.a3 Rxe5 26.Rxe5 Bxe5 27.Bb7 Bxc3 28.bxc3 a5 29.Ba6 Bd5
30.g3 Bc6 31.c4 bxc4 32.Bxc4 e5 33.Kc1 Kg7 34.Kd2 Kg6 35.Ke3 f6 36.Be6 Kg5 37.c4
Kg4 38.Bd5 Bd7 39.c5 Bc8 40.Bg2 f4+ 41.gxf4 exf4+ 42.Kf2 Ba6 43.c6 Bc8 44.Bf3+
Kg5 45.Be4 Be6 46.Kf3 Bg4+ 47.Kg2 Be6 48.Bf3 Kh4 49.c7 Bc8 50.Bc6 Kg4 51.h3+ Kh4
52.Kf3 Kg5 53.Ba8 Kf5 54.h4 1-0

[Event "2. Bundesliga West 2010/11"]
[Site "Jenbach"]
[Date "2010.10.17"]
[Round "3"]
[Board "6"]
[White "Gerhold, Michael"]
[Black "Kondrak, Christof"]
[Result "1/2-1/2"]
[WhiteElo "2237"]
[BlackElo "2147"]
[PlyCount "83"]
[EventDate "2010.10.15"]
[EventType "team"]
[EventRounds "11"]
[EventCountry "AUT"]
[WhiteTeam "SC Absam"]
[BlackTeam "Schwaz"]

1.e4 g6 2.d4 Bg7 3.Nf3 b6 4.c4 Bb7 5.Nc3 d6 6.Bd3 Nd7 7.O-O c6 8.Be3 e6 9.Qd2
Ne7 10.b4 O-O 11.Rad1 d5 12.Bh6 a5 13.Bxg7 Kxg7 14.a3 axb4 15.axb4 e5 16.cxd5
exd4 17.dxc6 Nxc6 18.Nd5 Nce5 19.Nxe5 Nxe5 20.Bc4 f6 21.Qxd4 Nxc4 22.Qxc4 Rc8
23.Qd4 Bxd5 24.exd5 Qd6 25.Rfe1 Rfd8 26.h4 b5 27.Rc1 Re8 28.g3 Rxe1+ 29.Rxe1 Rc4
30.Qa7+ Kh6 31.Re7 Kh5 32.Qe3 Qxd5 33.Kh2 g5 34.Rxh7+ Kg6 35.Re7 gxh4 36.gxh4
Rxh4+ 37.Kg3 Rxb4 38.Rg7+ Kxg7 39.Qe7+ Kg6 40.Qxb4 Qc4 41.Qf8 b4 42.Qe8+ 1/2-1/2

[Event "2. Bundesliga West 2010/11"]
[Site "Hohenems"]
[Date "2010.10.17"]
[Round "3"]
[Board "1"]
[White "Eisenbeiser, Amadeus"]
[Black "Atlas, Valery"]
[Result "1-0"]
[WhiteElo "2397"]
[BlackElo "2440"]
[PlyCount "125"]
[EventDate "2010.10.15"]
[EventType "team"]
[EventRounds "11"]
[EventCountry "AUT"]
[WhiteTeam "Goetzis"]
[BlackTeam "Hohenems II"]

1.e4 c5 2.Nf3 d6 3.d4 cxd4 4.Nxd4 Nf6 5.Nc3 e6 6.Be3 Be7 7.Bd3 Nbd7 8.O-O Nc5
9.f3 Nxd3 10.Qxd3 O-O 11.Nb3 b6 12.Bg5 Bb7 13.Rad1 d5 14.e5 Nd7 15.Bxe7 Qxe7
16.Qe3 Rac8 17.Rfe1 Rc4 18.a3 Rh4 19.Nd4 a6 20.b4 Rc8 21.Nce2 Nf8 22.f4 Rh6
23.h3 f5 24.c3 Rc4 25.Nf3 Qc7 26.Rd4 Rg6 27.Nd2 Rc6 28.a4 Nd7 29.Rd3 Qc8 30.Nd4
Rc7 31.N2f3 Rc4 32.Qd2 Qa8 33.Ra1 Qa7 34.a5 b5 35.Qe3 Rc7 36.Kf2 Bc8 37.Rg1 Nf8
38.Ke1 Rh6 39.Ng5 Ng6 40.g3 Nf8 41.Rd2 Ng6 42.Rf2 Nf8 43.Kd2 Ng6 44.g4 Nh4
45.Rg3 Rc4 46.Ngf3 Nxf3+ 47.Qxf3 fxg4 48.hxg4 Qc7 49.Re2 Rh4 50.f5 Qf7 51.Qf2
exf5 52.e6 Bxe6 53.Rge3 Rxd4+ 54.cxd4 Qf8 55.Qxh4 Qxb4+ 56.Kc1 Qxa5 57.Rxe6 Qa1+
58.Kc2 Qa2+ 59.Kd3 Qb3+ 60.Kd2 Qb4+ 61.Ke3 f4+ 62.Kxf4 Qxd4+ 63.Kf3 1-0

[Event "2. Bundesliga West 2010/11"]
[Site "Hohenems"]
[Date "2010.10.17"]
[Round "3"]
[Board "2"]
[White "Gaertner, Guntram"]
[Black "Schloetzer, Waldemar"]
[Result "1/2-1/2"]
[WhiteElo "2329"]
[BlackElo "2282"]
[PlyCount "63"]
[EventDate "2010.10.15"]
[EventType "team"]
[EventRounds "11"]
[EventCountry "AUT"]
[WhiteTeam "Hohenems II"]
[BlackTeam "Goetzis"]

1.d4 d5 2.c4 e6 3.Nc3 Nf6 4.cxd5 exd5 5.Bg5 Be7 6.e3 O-O 7.Bd3 Nbd7 8.Nf3 Re8
9.O-O Nf8 10.Qc2 c6 11.Rab1 a5 12.a3 Be6 13.b4 axb4 14.axb4 N6d7 15.Bxe7 Qxe7
16.b5 c5 17.dxc5 Qxc5 18.Ne2 Rec8 19.Ned4 Qd6 20.Qb2 g6 21.Ra1 Nc5 22.Rxa8 Rxa8
23.Bc2 Bg4 24.Nd2 Nfd7 25.h3 Be6 26.Ra1 Rc8 27.Ra3 Nb6 28.Qa1 Bd7 29.Rc3 Ra8
30.Ra3 Rc8 31.Rc3 Ra8 32.Ra3 1/2-1/2

[Event "2. Bundesliga West 2010/11"]
[Site "Hohenems"]
[Date "2010.10.17"]
[Round "3"]
[Board "3"]
[White "Schmidlechner, Alexander"]
[Black "Amann, Guenter"]
[Result "0-1"]
[WhiteElo "2170"]
[BlackElo "2336"]
[PlyCount "108"]
[EventDate "2010.10.15"]
[EventType "team"]
[EventRounds "11"]
[EventCountry "AUT"]
[WhiteTeam "Goetzis"]
[BlackTeam "Hohenems II"]

1.d4 Nf6 2.Nf3 e6 3.Bg5 d5 4.e3 c5 5.c3 Nc6 6.Nbd2 Be7 7.Bd3 b6 8.O-O Bb7 9.Qe2
h6 10.Bh4 O-O 11.Ne5 Nxe5 12.dxe5 Ne4 13.Bxe7 Qxe7 14.f4 Nxd2 15.Qxd2 f6 16.exf6
Rxf6 17.Be2 e5 18.fxe5 Re6 19.Rf5 Rxe5 20.Rxe5 Qxe5 21.Bf3 Re8 22.Rd1 Qxe3+
23.Qxe3 Rxe3 24.Kf2 Re5 25.c4 Kf7 26.cxd5 Ke8 27.Rd3 Kd7 28.Ra3 a6 29.h4 Kd6
30.Ra4 a5 31.Rf4 Bxd5 32.Bxd5 Kxd5 33.Rf7 g6 34.Rd7+ Kc6 35.Rg7 Re6 36.g4 c4
37.Rh7 g5 38.h5 b5 39.Ra7 Kb6 40.Rg7 Kc5 41.Rg6 Kd5 42.Rg8 b4 43.Ra8 c3 44.Rxa5+
Kd4 45.bxc3+ bxc3 46.Ra8 c2 47.Rc8 Kd3 48.Rd8+ Kc3 49.Rc8+ Kb2 50.Rb8+ Kxa2
51.Ra8+ Kb1 52.Rb8+ Kc1 53.Rb7 Re5 54.Rb6 Kd2 0-1

[Event "2. Bundesliga West 2010/11"]
[Site "Hohenems"]
[Date "2010.10.17"]
[Round "3"]
[Board "4"]
[White "Atlas, Dimitry"]
[Black "Scheffknecht, Philipp"]
[Result "1-0"]
[WhiteElo "2344"]
[BlackElo "2118"]
[PlyCount "79"]
[EventDate "2010.10.15"]
[EventType "team"]
[EventRounds "11"]
[EventCountry "AUT"]
[WhiteTeam "Hohenems II"]
[BlackTeam "Goetzis"]

1.e4 c5 2.c3 d5 3.exd5 Qxd5 4.d4 Nc6 5.Nf3 Bg4 6.Be2 cxd4 7.cxd4 e6 8.h3 Bh5
9.Nc3 Qa5 10.O-O Nf6 11.Be3 Be7 12.Qb3 Qb4 13.Qxb4 Bxb4 14.g4 Bg6 15.Ne5 Bxc3
16.bxc3 Ne4 17.Bf3 Nxe5 18.dxe5 O-O 19.Rab1 Rfb8 20.Rb3 a5 21.a4 Rc8 22.Rc1 Rc4
23.Be2 Rxa4 24.Rxb7 Ra2 25.Bf3 Rc8 26.c4 a4 27.Ra7 a3 28.c5 Kf8 29.c6 Ke8 30.c7
f6 31.Bd1 fxe5 32.Bb3 Rb2 33.Bxe6 Nd6 34.Rxa3 Bc2 35.Bc5 Ne4 36.Bxc8 Nxc5 37.Be6
Nxe6 38.c8=Q+ Ke7 39.Rxc2 Rb1+ 40.Kh2 1-0

[Event "2. Bundesliga West 2010/11"]
[Site "Hohenems"]
[Date "2010.10.17"]
[Round "3"]
[Board "5"]
[White "Laske, Erich"]
[Black "Burschowsky, Matthias"]
[Result "0-1"]
[WhiteElo "2090"]
[BlackElo "2208"]
[PlyCount "126"]
[EventDate "2010.10.15"]
[EventType "team"]
[EventRounds "11"]
[EventCountry "AUT"]
[WhiteTeam "Goetzis"]
[BlackTeam "Hohenems II"]

1.c4 Nf6 2.Nc3 g6 3.e4 d6 4.d4 Bg7 5.Be2 c6 6.h3 Qa5 7.Qd3 Nbd7 8.Bd2 Qb6 9.b4
O-O 10.Nf3 e5 11.d5 cxd5 12.cxd5 Qxb4 13.Rb1 Qa5 14.O-O Nc5 15.Qc2 a6 16.Rfc1
Qd8 17.a4 b6 18.Rb4 Rb8 19.Rcb1 h6 20.Be3 Nfd7 21.g4 a5 22.Rc4 Ba6 23.Nb5 Bxb5
24.Rxb5 Na6 25.Qc1 Kh7 26.Nd2 Ndc5 27.Qa3 Qd7 28.Qb2 Qa7 29.Qb1 Nb4 30.Qd1 Nca6
31.Rc1 Nc7 32.Rxa5 Qxa5 33.Rxc7 Qa8 34.Bb5 Rb7 35.Rc4 Na6 36.Bc6 Nc5 37.Bxb7
Qxb7 38.Nb3 Qa6 39.Nd2 Ra8 40.Bxc5 bxc5 41.Qb3 Qa5 42.Qa2 Rb8 43.Kg2 Bf6 44.Rc1
Rb4 45.Ra1 Bg5 46.f3 Bf4 47.Qc2 Qa6 48.Nf1 c4 49.Ra2 Rb3 50.Ng3 Rd3 51.Ne2 Rd2
52.Qb1 c3 53.Rxd2 Bxd2 54.Qb5 Qa7 55.Qd3 Qc5 56.h4 Be1 57.Kh3 c2 58.Qb5 Qf2
59.Qd7 Qxf3+ 60.Kh2 Qxe2+ 61.Kh3 Qf3+ 62.Kh2 Bg3+ 63.Kh3 Bf4# 0-1

[Event "2. Bundesliga West 2010/11"]
[Site "Hohenems"]
[Date "2010.10.17"]
[Round "3"]
[Board "6"]
[White "Hofer, Emilian"]
[Black "Kranz, Armin"]
[Result "1/2-1/2"]
[WhiteElo "1772"]
[BlackElo "2104"]
[PlyCount "108"]
[EventDate "2010.10.15"]
[EventType "team"]
[EventRounds "11"]
[EventCountry "AUT"]
[WhiteTeam "Hohenems II"]
[BlackTeam "Goetzis"]

1.e4 e5 2.Nf3 Nc6 3.Bb5 a6 4.Ba4 Nf6 5.O-O b5 6.Bb3 Be7 7.Re1 O-O 8.a4 Bb7 9.d3
d6 10.c3 Nd7 11.axb5 axb5 12.Rxa8 Bxa8 13.Nbd2 Nc5 14.Bc2 Ne6 15.Nf1 Ng5 16.Ng3
g6 17.Nxg5 Bxg5 18.Qg4 Bxc1 19.Rxc1 Kh8 20.Re1 Bb7 21.Qd1 Qg5 22.Qc1 Qxc1
23.Rxc1 Ra8 24.Bb3 Kg7 25.h3 Ne7 26.d4 Nc6 27.Bd5 f6 28.dxe5 fxe5 29.c4 b4 30.c5
Ra6 31.cxd6 cxd6 32.h4 Ba8 33.h5 Kf6 34.hxg6 hxg6 35.Rc4 Rb6 36.Rc1 Bb7 37.f3
Nd4 38.Bxb7 Rxb7 39.Kf2 Ra7 40.Ne2 Nb3 41.Rc4 Nc5 42.Ke3 Rb7 43.Nc1 Ne6 44.Nd3
Nd4 45.Kf2 b3 46.Nc1 Kg5 47.Rc3 Rb5 48.Rd3 Kf6 49.Kg3 Rb8 50.Kf2 Ke6 51.Ke3 Nc2+
52.Kf2 Nd4 53.Ke3 Nc2+ 54.Kf2 Nd4 1/2-1/2

[Event "2. Bundesliga West 2010/11"]
[Site "Hohenems"]
[Date "2010.10.17"]
[Round "3"]
[Board "1"]
[White "Hommeles, Theo"]
[Black "Sergeev, Vladimir"]
[Result "1-0"]
[WhiteElo "2426"]
[BlackElo "2486"]
[PlyCount "143"]
[EventDate "2010.10.15"]
[EventType "team"]
[EventRounds "11"]
[EventCountry "AUT"]
[WhiteTeam "Bregenz"]
[BlackTeam "Dornbirn"]

1.e4 Nf6 2.e5 Nd5 3.d4 d6 4.Nf3 Nb6 5.a4 a5 6.Bb5+ c6 7.Bd3 Na6 8.c3 Bg4 9.h3
Bxf3 10.Qxf3 dxe5 11.dxe5 Nc5 12.Bc2 e6 13.O-O Qc7 14.Re1 g6 15.Nd2 Bg7 16.Qg3
Rd8 17.Ne4 Nxe4 18.Rxe4 Rd7 19.h4 Nd5 20.h5 Ne7 21.Bf4 Nf5 22.Qh3 Qd8 23.Rc4 Qb6
24.Rb1 Rd5 25.Be4 Qb3 26.Bxd5 exd5 27.Rd4 O-O 28.Rdd1 Qxa4 29.Bh2 Re8 30.hxg6
hxg6 31.Re1 Re6 32.b4 axb4 33.Rxb4 Qa7 34.Rbb1 Bf8 35.Ra1 Qc5 36.Ra8 d4 37.g4
Ng7 38.cxd4 Qb4 39.Re3 Re8 40.Rxe8 Nxe8 41.e6 fxe6 42.Rxe6 Ng7 43.Qe3 Kf7 44.Re4
Kg8 45.Qd3 Bd6 46.Bxd6 Qxd6 47.Qb3+ Kf8 48.Qxb7 Ne6 49.Qh7 Nc7 50.Re3 Nd5
51.Rf3+ Ke8 52.Qg8+ Kd7 53.Rf7+ Ne7 54.Qg7 Qe6 55.Rxe7+ Qxe7 56.Qxe7+ Kxe7 57.f4
Ke6 58.Kf2 Kd5 59.Ke3 c5 60.dxc5 Kxc5 61.Ke4 Kd6 62.Kd4 Ke6 63.Kc5 Kd7 64.Kd5
Ke7 65.Ke5 Kf7 66.Kd6 Kf6 67.Kd7 g5 68.f5 Kf7 69.Kd6 Kf6 70.Kd5 Ke7 71.Ke5 Kf7
72.f6 1-0

[Event "2. Bundesliga West 2010/11"]
[Site "Hohenems"]
[Date "2010.10.17"]
[Round "3"]
[Board "2"]
[White "Novkovic, Milan"]
[Black "Poettinger, Harald"]
[Result "1-0"]
[WhiteElo "2386"]
[BlackElo "2202"]
[PlyCount "69"]
[EventDate "2010.10.15"]
[EventType "team"]
[EventRounds "11"]
[EventCountry "AUT"]
[WhiteTeam "Dornbirn"]
[BlackTeam "Bregenz"]

1.Nf3 d6 2.d4 g6 3.c4 Bg7 4.Nc3 Bg4 5.e3 c5 6.Be2 cxd4 7.exd4 Nh6 8.O-O O-O
9.Bg5 Nf5 10.d5 Nd7 11.Rc1 Rc8 12.b3 a6 13.Qd2 h6 14.Bf4 Kh7 15.h3 Bxf3 16.Bxf3
b5 17.cxb5 Qa5 18.Ne2 Qxd2 19.Bxd2 axb5 20.Be4 Bb2 21.Rxc8 Rxc8 22.Rb1 Nd4
23.Rxb2 Nxe2+ 24.Kf1 Nc3 25.Bf3 Rc7 26.Rc2 Nxd5 27.Rxc7 Nxc7 28.Ba5 Ne6 29.Bc6
Ne5 30.Bxb5 Nd4 31.Ba6 Ndc6 32.Bc3 d5 33.Bxe5 Nxe5 34.Bb7 Nd3 35.a4 1-0

[Event "2. Bundesliga West 2010/11"]
[Site "Hohenems"]
[Date "2010.10.17"]
[Round "3"]
[Board "3"]
[White "Hugentobler, Patrick"]
[Black "Szakolczai, Peter"]
[Result "1-0"]
[WhiteElo "2239"]
[BlackElo "2296"]
[PlyCount "87"]
[EventDate "2010.10.15"]
[EventType "team"]
[EventRounds "11"]
[EventCountry "AUT"]
[WhiteTeam "Bregenz"]
[BlackTeam "Dornbirn"]

1.e4 c5 2.Nf3 e6 3.b3 d6 4.Bb2 Nf6 5.e5 dxe5 6.Nxe5 a6 7.Bd3 Bd6 8.f4 Qc7 9.Na3
b5 10.Qe2 Bb7 11.c4 b4 12.Nc2 Nc6 13.O-O O-O-O 14.Ne1 h5 15.N1f3 h4 16.Ng5 Rdf8
17.Rae1 Kb8 18.Bc2 Nd4 19.Bxd4 cxd4 20.Ne4 h3 21.g3 Bc5 22.Nxc5 Qxc5 23.d3 Qc7
24.Qf2 Rd8 25.Bd1 Nh5 26.Bf3 Rh6 27.Bxb7 Qxb7 28.Qf3 Rf8 29.Qxb7+ Kxb7 30.Re4 f6
31.Nf3 e5 32.fxe5 fxe5 33.Rxe5 Nxg3 34.hxg3 Rhf6 35.Nh2 Rxf1+ 36.Nxf1 Rf3
37.Re7+ Kb6 38.Rxg7 Rxd3 39.Rh7 a5 40.Rh6+ Kb7 41.g4 a4 42.g5 axb3 43.axb3 Rxb3
44.g6 1-0

[Event "2. Bundesliga West 2010/11"]
[Site "Hohenems"]
[Date "2010.10.17"]
[Round "3"]
[Board "4"]
[White "Klocker, Benedikt"]
[Black "Heilinger, Dietmar"]
[Result "0-1"]
[WhiteElo "2211"]
[BlackElo "2159"]
[PlyCount "92"]
[EventDate "2010.10.15"]
[EventType "team"]
[EventRounds "11"]
[EventCountry "AUT"]
[WhiteTeam "Dornbirn"]
[BlackTeam "Bregenz"]

1.e4 e6 2.d4 d5 3.Nc3 dxe4 4.Nxe4 Nd7 5.Nf3 Ngf6 6.Ng3 c5 7.Be3 Qc7 8.Be2 b6
9.O-O Bb7 10.Re1 Bd6 11.Qd2 c4 12.c3 Rc8 13.Qc2 Nd5 14.Ne4 Nxe3 15.Nxd6+ Qxd6
16.fxe3 O-O 17.Nd2 b5 18.a4 a6 19.b3 cxb3 20.Qxb3 Nc5 21.Qb4 e5 22.axb5 Qg6
23.Nf3 Bxf3 24.Bxf3 Nd3 25.Qb1 Nxe1 26.Qxe1 axb5 27.Be2 exd4 28.cxd4 Qg5 29.Bd3
Rfe8 30.e4 b4 31.h4 Qf4 32.Qf2 Rc1+ 33.Rxc1 Qxc1+ 34.Kh2 b3 35.e5 b2 36.Qf5 g6
37.Qe4 Qc3 38.h5 Qd2 39.hxg6 Qh6+ 40.Kg1 hxg6 41.d5 f5 42.Qd4 Qd2 43.Qb6 Kh7
44.Qb7+ Kh6 45.Bxf5 Qe1+ 46.Kh2 Qxe5+ 0-1